Stratégie internacionalizácie vysokoškolského vzdelávania v Európe
Salvato in:
| Autore principale: | |
|---|---|
| Altri autori: | , |
| Natura: | Libro |
| Lingua: | slovacco |
| Pubblicazione: |
Praha
Naše vojsko
2021
|
| Edizione: | 1. vydanie |
| Soggetti: | |
| Tags: |
Nessun Tag, puoi essere il primo ad aggiungerne!!
|
MARC
| LEADER | 00000nam a2200000 4500 | ||
|---|---|---|---|
| 001 | 0286269 | ||
| 005 | 20240416114152.2 | ||
| 020 | |a 978-80-206-0086-8 | ||
| 041 | 0 | |a slo | |
| 044 | |a CZ | ||
| 245 | 1 | 0 | |a Stratégie internacionalizácie vysokoškolského vzdelávania v Európe |c Radovan Gura, Janka Kubeková, Mária Rošteková |
| 250 | |a 1. vydanie | ||
| 264 | 1 | |a Praha |b Naše vojsko |c 2021 | |
| 300 | |a 143 s. | ||
| 610 | 2 | 0 | |a vzdelávanie vysokoškolské |
| 610 | 2 | 0 | |a vzdelanie vysokoškolské |
| 610 | 2 | 0 | |a internacionalizácia |
| 610 | 2 | 0 | |a politika vzdelávania |
| 100 | 1 | |a Gura, Radovan | |
| 700 | 1 | |a Kubeková, Janka | |
| 700 | 1 | |a Rošteková, Mária | |